Diseño de una estructura de pavimento semiflexible de 800m de longitud y obras de drenaje en la comunidad El Limón, Jalapa – Nueva Segovia.
Presenta el diseño de una estructura de pavimento semiflexible de 800m de longitud y obras de drenaje en la comunidad El Limón, Jalapa – Nueva Segovia en el cual se elaboró un estudio de ingeniería básica con fines de diseñar las obras de infraestructura de la vía y las obras hidráulicas....
| Main Authors: | , , |
|---|---|
| Other Authors: | |
| Format: | Tesis Section = Libro |
| Language: | Undetermined Spanish |
| Published: |
Managua
UNI/RUACS
2014
|
| Subjects: |
| LEADER | 01265nam a2200277Ia 4500 | ||
|---|---|---|---|
| 008 | 240830s9999 xx 000 0 und d | ||
| 040 | |a BIBLIOTECA-RUPAP Mon 625.85 A385 | ||
| 041 | |a spa | ||
| 082 | |a Mon 625.85 A385 | ||
| 100 | 1 | |a Alfaro Rodríguez, Sendy Janiccia | |
| 100 | 1 | |b Duarte Rodríguez, Julier Agenor | |
| 100 | 1 | |c Velásquez Lanuza, Douglas Javier | |
| 245 | 1 | 0 | |a Diseño de una estructura de pavimento semiflexible de 800m de longitud y obras de drenaje en la comunidad El Limón, Jalapa – Nueva Segovia. |
| 260 | |a Managua |b UNI/RUACS |c 2014 | ||
| 300 | |a 195 p. :il. | ||
| 500 | |a Contiene: anexos. | ||
| 502 | |a Tesis (Ingeniero Civil)- UNI, 2014. | ||
| 520 | 3 | |a Presenta el diseño de una estructura de pavimento semiflexible de 800m de longitud y obras de drenaje en la comunidad El Limón, Jalapa – Nueva Segovia en el cual se elaboró un estudio de ingeniería básica con fines de diseñar las obras de infraestructura de la vía y las obras hidráulicas. | |
| 650 | 7 | |a PAVIMENTOS | |
| 650 | 7 | |b PAVIMENTOS FLEXIBLES | |
| 650 | 7 | |c PAVIMENTOS – DISEÑO Y CONSTRUCCION | |
| 650 | 7 | |d CARRETERAS – MANTENIMIENTO Y REPARACION | |
| 700 | 1 | |a Tutor: |b González, Eddie M. | |
| 942 | |c BK |2 ddc | ||
| 991 | |a TESIS | ||
| 999 | |c 16055 | ||